Städte auf dem amerikanischen Kontinent - Sudden Death - Statistiken

Allgemein
  • Dieses Quiz wurde 254 mal gespielt
  • Das Durchschnittsergebnis liegt bei 14 aus 22
Answers on the Grid
Answers color-coded by a green-red scale on the quiz's grid according to % correct below.
San Jose
Hamilton
Adelaide
Wellington
Aberdeen
Tallahassee
Cochabamba
Norwich
Cadiz
Curitiba
Monterrey
Santo Domingo
Lagos
Nairobi
Belem
Leeds
Anchorage
Cork
Edmonton
La Paz
Braga
Murcia
Charlotte
Bilbao
Manaus
Paramaribo
Porto Alegre
Windhuk
Quito
Jaipur
Nashville
Verona
Georgetown
Perth
Medellin
Sacramento
Cardiff
Montreal
Bergamo
Montego Bay
 
Antwortstatistiken
Antwort % Korrekt
San Jose
92%
Montreal
72%
Nashville
72%
Sacramento
71%
Charlotte
70%
La Paz
67%
Quito
67%
Santo Domingo
63%
Tallahassee
63%
Anchorage
62%
Georgetown
62%
Monterrey
61%
Edmonton
59%
Hamilton
59%
Paramaribo
59%
Medellin
57%
Manaus
56%
Montego Bay
54%
Cochabamba
49%
Porto Alegre
49%
Curitiba
46%
Belem
43%
Keine übereinstimmenden Quizze gefunden
Verteilung der Resultate
Anzahl Personen mit jedem Resultat
Perzentil nach korrekt beantworteten Fragen
Ihre Resultats-Entwicklung
Sie haben dieses Quiz noch nicht gespielt